000 01024nam a2200229 i 4500
001 40167
003 ES-MaACL
005 20240513211129.0
007 t|
008 030305m18771879sp ||||1| spa d
080 _a39(599)"18"
100 1 _aCañamaque y Jiménez, Francisco,
_d1851-1891
_934730
245 1 0 _aRecuerdos de Filipinas, cosas, casos y usos de aquellas islas
_b: vistos, oidos, tocados y contados /
_cpor Francisco Cañamaque ; con una carta prólogo de Patricio de la Escosura.
260 _aMadrid :
_bLibrería de Anillo y Rodríguez.,
_c1877-1879 (
_fJ. Cruzado)
300 _a2 t. en 1 vol. (XX, 307; XIX, 273 p.) ;
_c18 cm.
530 _aDisponible también en sitio web.
651 4 _aFilipinas-
_xUsos y costumbres.
_9137156
700 1 _aEscosura, Patricio de la,
_d1807-1878
_947617
852 _aES-MaACL
_jG-11684
856 _uhttp://bibliotecadigitalhispanica.bne.es:80/webclient/DeliveryManager?pid=1846208&custom_att_2=simple_viewer
_zIr a la página
999 _c40167
_d40167